Statistics for Grey Cup Winners

Click here to take the quiz!

General Stats

  • This quiz has been taken 4 times
  • The average score is 43 of 50

Answer Stats

HintAnswer% Correct
1970Alouettes
100%
2010Alouettes
100%
1974Alouettes
100%
1977Alouettes
100%
2002Alouettes
100%
2009Alouettes
100%
2019Blue Bombers
100%
2003Eskimos
100%
1982Eskimos
100%
1987Eskimos
100%
1975Eskimos
100%
1978Eskimos
100%
1979Eskimos
100%
2005Eskimos
100%
1980Eskimos
100%
1993Eskimos
100%
2015Eskimos
100%
1981Eskimos
100%
1985Lions
100%
1994Lions
100%
2000Lions
100%
2006Lions
100%
2011Lions
100%
1983Argonauts
75%
2017Argonauts
75%
2012Argonauts
75%
1996Argonauts
75%
1991Argonauts
75%
1997Argonauts
75%
2004Argonauts
75%
1990Blue Bombers
75%
1988Blue Bombers
75%
1984Blue Bombers
75%
2016Redblacks
75%
1989Roughriders
75%
1973Rough Riders
75%
2013Roughriders
75%
1976Rough Riders
75%
2007Roughriders
75%
1971Stampeders
75%
2014Stampeders
75%
2018Stampeders
75%
2008Stampeders
75%
1992Stampeders
75%
1998Stampeders
75%
2001Stampeders
75%
1999Tiger Cats
75%
1986Tiger Cats
75%
1972Tiger Cats
75%
1995Stallions
50%

Score Distribution

Percentile by Number Answered

Percent of People with Each Score

Your Score History

You have not taken this quiz